Central Library OPAC University of Rajshahi

Social deviance: social policy, action, and research / (Record no. 2216)

MARC details
000 -LEADER
fixed length control field 00893cam a22002891 4500
001 - CONTROL NUMBER
control field 2216
003 - CONTROL NUMBER IDENTIFIER
rucl marc code BD-RjUL
005 - DATE AND TIME OF LATEST TRANSACTION
control field 20211208233514.0
008 - FIXED-LENGTH DATA ELEMENTS--GENERAL INFORMATION
fixed length control field 131210s1964 enka 001 0 eng d
035 ## - SYSTEM CONTROL NUMBER
System control number (BD-RjUL)2243
System control number (OCoLC)256851
040 ## - CATALOGING SOURCE
Original cataloging agency DLC
Transcribing agency ODaWU
Modifying agency OCoLC
-- DLC
-- BD-RjUL
Language of cataloging eng
041 ## - LANGUAGE CODE
Language code of text/sound track or separate title eng
082 ## - DEWEY DECIMAL CLASSIFICATION NUMBER
Classification number 301.246
Author mark and year WIS 1964
100 1# - MAIN ENTRY--PERSONAL NAME
Personal name Wilkins, Leslie T.
9 (RLIN) 7226
245 10 - TITLE STATEMENT
Title Social deviance: social policy, action, and research /
Statement of responsibility, etc. by Leslie T. Wilkins.
260 ## - PUBLICATION, DISTRIBUTION, ETC. (IMPRINT)
Place of publication, distribution, etc. London ;
Name of publisher, distributor, etc. Tavistock Publications :
Place of publication, distribution, etc. Englewood Cliffs, N.J.,
Name of publisher, distributor, etc. Prentice-Hall,
Date of publication, distribution, etc. c1964.
300 ## - PHYSICAL DESCRIPTION
Pagination xv, 311 p. ;
Size 23 cm.
490 0# - SERIES STATEMENT
Series statement Prentice-Hall sociology series
504 ## - BIBLIOGRAPHY, ETC. NOTE
Bibliography, etc Includes index.
650 #0 - SUBJECT ADDED ENTRY--TOPICAL TERM
Topical term or geographic name as entry element Social problems.
9 (RLIN) 7227
Topical term or geographic name as entry element Social action.
9 (RLIN) 7228
Topical term or geographic name as entry element Social sciences
General subdivision Research.
9 (RLIN) 7229
942 ## - ADDED ENTRY ELEMENTS (KOHA)
Source of classification or shelving scheme Dewey Decimal Classification
Koha item type Books
Holdings
Lost status Source of classification or shelving scheme Damaged status Not for loan Collection code Permanent Location Current Location Shelving location Date acquired Source of acquisition Cost, normal purchase price Total Checkouts Full call number Date last seen Copy number Koha item type
  Dewey Decimal Classification     Non-fiction Central Library, University of Rajshahi Central Library, University of Rajshahi   20/06/1973 Ulitali prokasoni. 60.00   301.246 WIS 1964 10/12/2013 C-2 Books